000 00440nam a22001817a 4500
005 20230726122141.0
008 230726b |||||||| |||| 00| 0 eng d
020 _a9781292113746
082 _a621.4021
_bBHA-T
100 _aBhattacharjee, Subrata
245 _aThermodynamics
260 _aUSA
_bPEARSON
_c2016
300 _a717
500 _aINCLUIDE INDEX
650 _aEngineering
700 _aSubrata Bhattacharjee
999 _c33151
_d33151